00330pab a2200121 454500008004000000100001900040245005200059260000900111300001100120362000900131650003000140773003800170180718b1985 xxu||||| |||| 00| 0 eng d aCain, Bruce E. aAssessing the partisan effects of redistricting c1985 a320-33 aJune aVoting Districts - U.S.A. aAmerican Political Science Review